000 01067nam a22003257a 4500
003 CHAP
005 20220628120735.0
008 971010s1967 r 00010 d
010 _a65388
011 _a66360
035 _a74471
040 _cCHAP
090 _aTesis
100 1 0 _aGarduño Garza, Rafael Alejandro
_946863
245 _aInstalación de la planta industrial "Lavadero de Lana" de Durango, Dgo.
260 _aChapingo, Méx. :
_bEl autor,
_c1967
300 _a220 p.
_b: ilus.
500 _a1993-81
502 _aTesis (Ing. Agr. Esp. en Industrias Agrícolas) -- ENA. Departamento de Industrias Agrícolas
590 _aALEPH
_b10
_c20130110
_lUCH01
_h1356
590 _aBATCH-UPD
_b10
_c20130110
_lUCH01
_h0820
590 _aBATCH-UPD
_b10
_c20130410
_lUCH01
_h0457
590 _aBATCH-UPD
_b10
_c20130914
_lUCH01
_h1638
590 _aCONVERSION
_b10
_c20130109
_lUCH01
_h1336
650 1 4 _aIndustrias textiles.
_958037
901 _aBK
942 _cTESIS
949 _bBC
_cTES
_d-40372
_eTS1
_i74471
_si
949 _bIA
_cTESBD
_d-7341
_eTS1
_i74471
_si
999 _c65388
_d65388